[Event "Cheliabinsk Postovalov Memorial 5th"]
[Site "Cheliabinsk"]
[Date "2011.01.09"]
[Round "8"]
[White "Mikleeva, Ais"]
[Black "Gorbushin, Maksim"]
[Result "0-1"]
[WhiteElo "2008"]
[BlackElo "2061"]
[PlyCount "90"]
[EventDate "2011.01.06"]
[EventType "swiss"]
[EventRounds "9"]
[EventCountry "RUS"]
[SourceTitle "CBM 140 Extra"]
[Source "ChessBase"]
[SourceDate "2011.03.01"]
[SourceVersion "1"]
[SourceVersionDate "2011.03.01"]
[SourceQuality "1"]

1. d4 Nf6 2. c4 g6 3. Nc3 Bg7 4. e4 d6 5. Nf3 0-0 6. Be2 e5 7. Be3 Nc6 8. 0-0 Ng4 9. Bg5 f6 10. Bh4 g5 11. Bg3 Nh6 12. d5 Ne7 13. Rc1 Ng6 14. Ne1 f5 15. f3 f4 16. Bf2 Nf7 17. c5 Bd7 18. Nd3 h5 19. cxd6 cxd6 20. Qb3 b6 21. Nb5 Bxb5 22. Qxb5 Nh6 23. Rc6 Rf7 24. Rfc1 g4 25. Qa6 Bf8 26. Rc8 Rxc8 27. Qxc8 Qg5 28. Be1 gxf3 29. Bxf3 Ng4 30. Qe6 Kg7 31. Nf2 Rf6 32. Rc7+ Kh8 33. Nh3 Rxe6 34. Nxg5 Re7 35. Rc8 Kg7 36. Ne6+ Kf7 37. h3 Nf6 38. Bb4 Rd7 39. Kf2 Be7 40. Rc6 Nf8 41. Nc7 Kg6 42. Nb5 Ne8 43. Rc8 Nf6 44. Bxd6 Rxd6 45. Nxd6 Bxd6 0-1

[Event "Cheliabinsk Victory Cup"]
[Site "Cheliabinsk"]
[Date "2010.05.07"]
[Round "8"]
[White "Kosatukhin, Andrey"]
[Black "Mikleeva, Ais"]
[Result "0-1"]
[WhiteElo "1967"]
[BlackElo "2003"]
[PlyCount "67"]
[EventDate "2010.04.30"]
[EventType "swiss"]
[EventRounds "9"]
[EventCountry "RUS"]
[SourceTitle "EXT 2011"]
[Source "ChessBase"]
[SourceDate "2010.11.26"]
[SourceVersion "1"]
[SourceVersionDate "2010.11.26"]
[SourceQuality "1"]

1. e4 c5 2. Nf3 e6 3. d4 cxd4 4. Nxd4 Nf6 5. Nc3 d6 6. Bg5 Be7 7. Be2 a6 8. 0-0 0-0 9. Kh1 Bd7 10. f4 Nc6 11. a3 Qc7 12. Qd2 h6 13. Bh4 Nxe4 14. Nxe4 Bxh4 15. Nxc6 Bxc6 16. Qxd6 Qxd6 17. Nxd6 Rad8 18. Rad1 Bf6 19. Nc4 b5 20. Ne5 Bb7 21. Nd7 Rfe8 22. Nxf6+ gxf6 23. c4 bxc4 24. Bxc4 a5 25. Kg1 Rc8 26. b3 Red8 27. Kf2 Rxd1 28. Rxd1 a4 29. Rd7 Bc6 30. Rd6 axb3 31. Bxb3 Bb7 32. Rb6 Rc7 33. a4 Be4 34. g3 0-1

[Event "Cheliabinsk Region-ch"]
[Site "Cheliabinsk"]
[Date "2010.04.02"]
[Round "7"]
[White "Mikleeva, Ais"]
[Black "Eryshkanova, Anastasiya"]
[Result "0-1"]
[WhiteElo "2003"]
[BlackElo "2144"]
[PlyCount "86"]
[EventDate "2010.03.27"]
[EventType "swiss"]
[EventRounds "9"]
[EventCountry "RUS"]
[SourceTitle "EXT 2012"]
[Source "ChessBase"]
[SourceDate "2011.11.24"]
[SourceVersion "1"]
[SourceVersionDate "2011.11.24"]
[SourceQuality "1"]

1. d4 d5 2. c4 c6 3. Nc3 Nf6 4. Bg5 e6 5. cxd5 exd5 6. Qc2 Nbd7 7. e3 Be7 8. Nf3 0-0 9. Bd3 Re8 10. 0-0 h6 11. Bf4 Bf8 12. h3 Qe7 13. Rab1 Ne4 14. b4 a6 15. a4 Ndf6 16. Ne5 Bf5 17. Ne2 Qe6 18. b5 axb5 19. axb5 g5 20. Bh2 c5 21. dxc5 Bxc5 22. Ng3 Rec8 23. Nxf5 Qxf5 24. Qe2 Qe6 25. Ra1 Nc3 26. Qf3 Nfe4 27. Qh5 Bf8 28. Rxa8 Rxa8 29. f4 Bc5 30. Kh1 f5 31. fxg5 hxg5 32. Ng6 Qf6 33. Bxe4 Nxe4 34. Ne5 Bxe3 35. Qf3 Rf8 36. Nd7 Qd4 37. Be5 g4 38. hxg4 Rf7 39. Bxd4 Rh7+ 40. Qh3 Ng3+ 41. Kh2 Nxf1+ 42. Kh1 Rxh3+ 43. gxh3 Bxd4 0-1

[Event "Cheliabinsk op 02"]
[Site "Cheliabinsk"]
[Date "2009.03.06"]
[Round "7"]
[White "Konin, Viacheslav"]
[Black "Mikleeva, Ais"]
[Result "0-1"]
[WhiteElo "2062"]
[BlackElo "1950"]
[PlyCount "66"]
[EventDate "2009.02.28"]
[EventType "swiss"]
[EventRounds "9"]
[EventCountry "RUS"]
[SourceTitle "CBM 129 Extra"]
[Source "ChessBase"]
[SourceDate "2009.05.05"]
[SourceVersion "2"]
[SourceVersionDate "2009.05.20"]
[SourceQuality "1"]

1. e4 c5 2. f4 Nc6 3. Nf3 d6 4. c4 e6 5. Nc3 Nf6 6. d4 cxd4 7. Nxd4 Be7 8. Be2 0-0 9. Be3 a6 10. 0-0 Qc7 11. a4 Rb8 12. Qd2 Bd7 13. Rfb1 Rfc8 14. b4 Nxd4 15. Bxd4 b5 16. cxb5 axb5 17. Bxb5 e5 18. Bxd7 exd4 19. Nd5 Qxd7 20. Qxd4 Nxd5 21. Qxd5 Qa7+ 22. Kh1 Qf2 23. Rf1 Qh4 24. Qb3 Bf6 25. g3 Qh5 26. Rac1 Qe2 27. Rce1 Qd2 28. Rd1 Qxb4 29. Qxb4 Rxb4 30. Rxd6 Rxe4 31. a5 Re2 32. Rfd1 h6 33. a6 Ra2 0-1

[Event "Cheliabinsk Postovalov Memorial 3rd"]
[Site "Cheliabinsk"]
[Date "2009.01.09"]
[Round "6"]
[White "Matsenko, Andrei"]
[Black "Mikleeva, Ais"]
[Result "1-0"]
[WhiteElo "1916"]
[BlackElo "1950"]
[PlyCount "63"]
[EventDate "2009.01.06"]
[EventType "swiss"]
[EventRounds "9"]
[EventCountry "RUS"]
[SourceTitle "EXT 2010"]
[Source "ChessBase"]
[SourceDate "2010.11.25"]
[SourceVersion "1"]
[SourceVersionDate "2010.11.25"]
[SourceQuality "1"]

1. e4 c5 2. Nf3 e6 3. b3 Nf6 4. e5 Nd5 5. Bb2 Nc6 6. g3 Be7 7. Bg2 0-0 8. 0-0 d6 9. exd6 Bxd6 10. d4 Nb6 11. dxc5 Bxc5 12. Nbd2 Qe7 13. Qe2 f6 14. Ne4 Ba3 15. Bxa3 Qxa3 16. c4 e5 17. Qe3 Be6 18. Nc3 Rfd8 19. Nb5 Qe7 20. Nxa7 Rxa7 21. Qxb6 Ra6 22. Qe3 Nb4 23. Qe2 Bf5 24. Ne1 Rad6 25. a3 Rd2 26. Qe3 Nc6 27. Bd5+ R8xd5 28. cxd5 Rxd5 29. Nf3 Rd3 30. Qe2 Rxb3 31. Rfe1 Rc3 32. Nh4 1-0

[Event "Cheliabinsk Cup"]
[Site "Cheliabinsk"]
[Date "2008.09.09"]
[Round "8"]
[White "Mikleeva, Ais"]
[Black "Zorin, Yuri"]
[Result "1-0"]
[WhiteElo "1948"]
[BlackElo "1898"]
[PlyCount "99"]
[EventDate "2008.09.02"]
[EventType "swiss"]
[EventRounds "9"]
[EventCountry "RUS"]
[SourceTitle "EXT 2010"]
[Source "ChessBase"]
[SourceDate "2010.11.25"]
[SourceVersion "1"]
[SourceVersionDate "2010.11.25"]
[SourceQuality "1"]

1. d4 d5 2. c4 e6 3. Nc3 f5 4. Bf4 Nf6 5. e3 c6 6. Bd3 Be7 7. Nf3 0-0 8. 0-0 Ne4 9. h3 Nd7 10. Ne5 Bf6 11. Nxd7 Qxd7 12. f3 Nd6 13. b3 b6 14. Rc1 Bb7 15. Qc2 Rac8 16. cxd5 cxd5 17. Qe2 g5 18. Be5 Bxe5 19. dxe5 Nf7 20. f4 d4 21. Bb5 Bc6 22. Rcd1 Bxb5 23. Nxb5 Rc5 24. Nxd4 Rd5 25. Nf3 gxf4 26. exf4 Rd8 27. Rc1 Rd3 28. Kh2 b5 29. Rc2 a6 30. Rfc1 Qd5 31. Qf2 Qe4 32. Qg3+ Kh8 33. Rc7 Rg8 34. Qh4 Rxg2+ 35. Kxg2 Qxf3+ 36. Kg1 Qe3+ 37. Qf2 Qxh3 38. Rc8+ Kg7 39. Qh2 Rg3+ 40. Kh1 Qg4 41. Qxg3 Qxg3 42. Rg1 Qxg1+ 43. Kxg1 Nh8 44. Rc6 a5 45. Kg2 Ng6 46. Kg3 h5 47. Rxe6 h4+ 48. Kf3 h3 49. Rxg6+ Kxg6 50. Kg3 1-0

[Event "Cheliabinsk Cup"]
[Site "Cheliabinsk"]
[Date "2008.09.08"]
[Round "7"]
[White "Korostelev, Stanislav"]
[Black "Mikleeva, Ais"]
[Result "1-0"]
[WhiteElo "2134"]
[BlackElo "1948"]
[PlyCount "126"]
[EventDate "2008.09.02"]
[EventType "swiss"]
[EventRounds "9"]
[EventCountry "RUS"]
[SourceTitle "EXT 2010"]
[Source "ChessBase"]
[SourceDate "2010.11.25"]
[SourceVersion "1"]
[SourceVersionDate "2010.11.25"]
[SourceQuality "1"]

1. d4 d5 2. Nf3 Nf6 3. g3 Bf5 4. Bg2 e6 5. 0-0 Bd6 6. Nc3 c6 7. Nh4 Bg6 8. f3 0-0 9. Bg5 h6 10. Nxg6 fxg6 11. Be3 e5 12. Qd3 exd4 13. Bxd4 Kh7 14. e4 dxe4 15. Nxe4 Nxe4 16. Qxe4 Nd7 17. Rad1 Nc5 18. Qe3 Re8 19. Qf2 Ne6 20. Be3 Qc7 21. f4 Rf8 22. Bh3 Ng5 23. Bg2 Rae8 24. Qd2 Ne4 25. Bxe4 Rxe4 26. Qxd6 Qxd6 27. Rxd6 Rxe3 28. Rd7 Re2 29. Rf2 Re1+ 30. Kg2 Rb8 31. Rc7 g5 32. f5 Kh8 33. f6 gxf6 34. Rxf6 Re2+ 35. Kh3 g4+ 36. Kxg4 Rxh2 37. Rff7 Rxc2 38. Rh7+ Kg8 39. Rcg7+ Kf8 40. Rxb7 Rxb7 41. Rxb7 a5 42. a3 Rc5 43. Rh7 Rb5 44. Rxh6 Rxb2 45. Rxc6 Rb3 46. Rf6+ Kg7 47. Rf3 Rb6 48. Rf5 Ra6 49. a4 Kg6 50. Rb5 Kf6 51. Kh5 Ra8 52. Rb6+ Ke5 53. g4 Rh8+ 54. Rh6 Rd8 55. Ra6 Rh8+ 56. Kg5 Rg8+ 57. Kh4 Kf4 58. Rf6+ Ke4 59. Rf5 Rh8+ 60. Kg3 Ra8 61. Rb5 Ra7 62. g5 Kd4 63. Kg4 Kc4 1-0

[Event "Cheliabinsk Region-ch"]
[Site "Cheliabinsk"]
[Date "2008.03.04"]
[Round "4"]
[White "Tsiulin, Viktor"]
[Black "Mikleeva, Ais"]
[Result "1-0"]
[WhiteElo "2127"]
[BlackElo "1935"]
[PlyCount "85"]
[EventDate "2008.03.01"]
[EventType "swiss"]
[EventRounds "9"]
[EventCountry "RUS"]
[SourceTitle "CBM 123 Extra"]
[Source "ChessBase"]
[SourceDate "2008.05.06"]
[SourceVersion "1"]
[SourceVersionDate "2008.05.06"]
[SourceQuality "1"]

1. e4 c5 2. Nc3 Nc6 3. f4 d6 4. Nf3 g6 5. Bb5 Bg7 6. Bxc6+ bxc6 7. d3 e6 8. 0-0 Ne7 9. Ne2 0-0 10. c3 Rb8 11. Qe1 Ba6 12. Qd2 f5 13. Rf2 Qc7 14. Qc2 c4 15. d4 fxe4 16. Qxe4 Qd7 17. Ng3 Nd5 18. h3 Rf6 19. Nh2 Rf7 20. Be3 Bb7 21. Re1 Nc7 22. Qc2 Rbf8 23. Ref1 Nd5 24. Bc1 Qe7 25. Ne4 Qc7 26. Ng5 Re7 27. Ng4 c5 28. dxc5 Qxc5 29. Kh1 Nf6 30. Be3 Qc6 31. Bxa7 Qa6 32. Bd4 Nxg4 33. hxg4 Bh6 34. Ne4 Bg7 35. Bxg7 Kxg7 36. a3 Qc6 37. Re1 Qc7 38. Qd2 Rd8 39. f5 exf5 40. Qd4+ Kg8 41. gxf5 Bxe4 42. Rxe4 Rxe4 43. Qxe4 1-0

[Event "Cheliabinsk-ch (Women)"]
[Site "Cheliabinsk"]
[Date "2008.01.27"]
[Round "11"]
[White "Mikleeva, Ais"]
[Black "Baraeva, Marina"]
[Result "0-1"]
[WhiteElo "1940"]
[BlackElo "2112"]
[PlyCount "144"]
[EventDate "2008.01.10"]
[EventType "tourn"]
[EventRounds "11"]
[EventCountry "RUS"]
[SourceTitle "EXT 2010"]
[Source "ChessBase"]
[SourceDate "2010.11.25"]
[SourceVersion "1"]
[SourceVersionDate "2010.11.25"]
[SourceQuality "1"]

1. d4 Nf6 2. c4 g6 3. Nc3 d5 4. cxd5 Nxd5 5. e4 Nxc3 6. bxc3 Bg7 7. Nf3 c5 8. Bb5+ Bd7 9. Bxd7+ Qxd7 10. 0-0 0-0 11. Be3 cxd4 12. cxd4 Nc6 13. Rb1 Rfd8 14. d5 Na5 15. Bd4 Bxd4 16. Qxd4 b6 17. Rbc1 Rac8 18. Ne5 Qd6 19. Ng4 Qf4 20. Ne3 h5 21. Qb4 Qf6 22. Rfe1 Nb7 23. Nc4 Nc5 24. Qd2 b5 25. Na5 Qb6 26. e5 Ne4 27. Rxe4 Rxc1+ 28. Qxc1 Qxa5 29. e6 Rxd5 30. exf7+ Kxf7 31. Qb1 Qd2 32. g3 Qd1+ 33. Qxd1 Rxd1+ 34. Kg2 a5 35. a4 bxa4 36. Rxa4 Rd5 37. Kf3 Ke6 38. h4 Kd6 39. Ke4 Rf5 40. f3 Rb5 41. Rd4+ Kc6 42. Rd8 Kc7 43. Rg8 Rb6 44. Rg7 Kd7 45. Rg8 Ra6 46. Rb8 a4 47. Rb2 a3 48. Ra2 Kc6 49. Kd4 Kb5 50. Kc3 Ka4 51. Kc2 Rc6+ 52. Kb1 Kb3 53. Re2 Rc3 54. Rf2 Re3 55. Rf1 Re2 56. g4 Rh2 57. gxh5 gxh5 58. Re1 Rxh4 59. Re3+ Kb4 60. Rxe7 Rf4 61. Rb7+ Ka4 62. Ra7+ Kb3 63. Rb7+ Rb4 64. Rh7 h4 65. Rh8 Rf4 66. Rb8+ Kc3 67. Ra8 h3 68. Rxa3+ Kd2 69. Ra2+ Ke3 70. Rh2 Rxf3 71. Kc1 Rf1+ 72. Kc2 Rf2+ 0-1

[Event "Cheliabinsk-ch (Women)"]
[Site "Cheliabinsk"]
[Date "2008.01.22"]
[Round "8"]
[White "Evseeva, Ludmila"]
[Black "Mikleeva, Ais"]
[Result "0-1"]
[WhiteElo "1798"]
[BlackElo "1940"]
[PlyCount "60"]
[EventDate "2008.01.10"]
[EventType "tourn"]
[EventRounds "11"]
[EventCountry "RUS"]
[SourceTitle "EXT 2010"]
[Source "ChessBase"]
[SourceDate "2010.11.25"]
[SourceVersion "1"]
[SourceVersionDate "2010.11.25"]
[SourceQuality "1"]

1. d4 d5 2. Nf3 Nf6 3. e3 Bg4 4. Be2 e6 5. 0-0 c5 6. c3 cxd4 7. Qxd4 Nc6 8. Qa4 Bd6 9. h3 Bh5 10. g4 Bg6 11. Bb5 Qd7 12. Nd4 Rc8 13. Qd1 h5 14. Be2 hxg4 15. Bxg4 Ne5 16. f4 Nexg4 17. hxg4 Be4 18. Kf2 e5 19. Nf5 Bxf5 20. gxf5 Qxf5 21. Ke1 exf4 22. exf4 0-0 23. Qf3 Qc2 24. Nd2 Rfe8+ 25. Kf2 Ne4+ 26. Kg2 Nxd2 27. Bxd2 Qxd2+ 28. Rf2 Qe3 29. Qxd5 Qe4+ 30. Qxe4 Rxe4 0-1

[Event "Cheliabinsk Postovalov Memorial 2nd"]
[Site "Cheliabinsk"]
[Date "2008.01.03"]
[Round "2"]
[White "Fesenko, Vitaly"]
[Black "Mikleeva, Ais"]
[Result "1-0"]
[WhiteElo "2213"]
[BlackElo "1935"]
[PlyCount "61"]
[EventDate "2008.01.02"]
[EventType "swiss"]
[EventRounds "9"]
[EventCountry "RUS"]
[SourceTitle "CBM 122 Extra"]
[Source "ChessBase"]
[SourceDate "2008.03.04"]
[SourceVersion "1"]
[SourceVersionDate "2008.03.04"]
[SourceQuality "1"]

1. e4 c5 2. Nf3 Nc6 3. Nc3 g6 4. d4 cxd4 5. Nxd4 Bg7 6. Be3 d6 7. Qd2 Nf6 8. f3 0-0 9. Bc4 Bd7 10. 0-0-0 Rc8 11. Bb3 Na5 12. h4 Nxb3+ 13. Nxb3 a5 14. Bh6 a4 15. Bxg7 Kxg7 16. Nd4 a3 17. b3 Qa5 18. Nde2 Be6 19. h5 b5 20. hxg6 fxg6 21. g4 Rc5 22. Qh6+ Kg8 23. g5 Nh5 24. Rxh5 gxh5 25. Qxe6+ Rf7 26. Nd5 Qa7 27. g6 hxg6 28. Qxg6+ Kf8 29. Rg1 Ke8 30. Qxh5 e6 31. Rg8+ 1-0